A nyitrai magyar pedagógusképzés a szlovákiai magyar közösség alapvető pillére

Podrobná bibliografia
Médium: Článok
Jazyk:maďarčina
PhysicalDescription:Fotogr.
ISSN:1335-6445
Predmet:

MARC

LEADER 00000nab a2200000 a 4500
001 vtls010085417
003 SK-MaSNL
005 20260318124826.0
008 141024c2010 xo |||||||| 000 b|hun
015 |a SNBRB2010/04  |2 snkbucl 
038 |a SNKBUCL 
040 |a DSZK  |b slo  |c DSZK  |e AACR2 
041 0 |a hun 
044 |a xo  |c SK 
080 |a 378.4  |x (437.6)  |2 2001 
080 |a 378.096:371.13  |2 2001 
245 0 0 |a A nyitrai magyar pedagógusképzés a szlovákiai magyar közösség alapvető pillére  |c [szerző] (p), László Béla 
300 |b Fotogr. 
610 2 7 |a Univerzita Konštantína Filozofa v Nitre.  |b Fakulta stredoeurópskych štúdií  |2 snkbucl  |9 180058 
651 7 |a Nitra (Slovensko)  |2 SNKPHgeo  |9 15714 
655 7 |a rozhovory  |2 SNKPH  |9 31831 
700 1 |a László, Vojtech,  |d 1940-  |4 ive 
773 0 |t Katedra  |g Évf. XVII, sz. 8 (2010), o. 23  |x 1335-6445 
852 |a SNK  |b KIS3GCP 
852 |a DSZK  |b KIS3GCP 
958 |a HU 
958 |a SK 
999 |c 2575796  |d 2577726